[Event "Negambo op 4th"]
[Site "Negambo"]
[Date "2018.08.17"]
[Round "3"]
[White "De Silva, LMST"]
[Black "Gamage, Liviru Hansana"]
[Result "1-0"]
[WhiteElo "1708"]
[BlackElo "1146"]
[PlyCount "87"]
[EventDate "2018.08.16"]
[EventType "swiss"]
[EventRounds "10"]
[EventCountry "SRI"]
[SourceTitle "CBM 186 Extra"]
[Source "ChessBase"]
[SourceDate "2018.08.24"]
[SourceVersion "1"]
[SourceVersionDate "2018.08.24"]
[SourceQuality "1"]

1. e4 c5 2. Nf3 d6 3. c3 Nf6 4. Be2 g6 5. 0-0 Bg7 6. Bb5+ Bd7 7. Bxd7+ Qxd7 8. Re1 e5 9. d4 cxd4 10. cxd4 Nc6 11. Nc3 0-0 12. Bg5 Rfe8 13. Bxf6 Bxf6 14. Nd5 Bg7 15. dxe5 Nxe5 16. Nxe5 Bxe5 17. Qb3 Rac8 18. f4 Bg7 19. Rad1 Qc6 20. Qf3 Qc5+ 21. Kh1 Qa5 22. f5 Qd8 23. Rf1 Qd7 24. f6 Bf8 25. Rfe1 Qe6 26. Rd2 Qe5 27. Rde2 Rc5 28. Qg4 Qe6 29. Qf3 Qe5 30. Qb3 b6 31. Qa4 Ra5 32. Qc4 Rc5 33. Qa6 Ra5 34. Qb7 Qe6 35. b4 Ra4 36. Rc2 Rd8 37. Rec1 Rd7 38. Qa8 h5 39. Rc8 Kh7 40. Rxf8 Kh6 41. h4 Qh3+ 42. gxh3 g5 43. Rh8+ Kg6 44. Qg8# 1-0